000 00898nam a2200229 i 4500
001 bg
245 0 0 _aDziałalność inspekcyjna WIOŚ w roku 2000 /
_c[oprac. Jerzy Ćmikiewicz et al.] ; Inspekcja Ochrony Środowiska, Wojewódzki Inspektorat Ochrony Środowiska w Szczecinie.
260 _aSzczecin :
_bHogben,
_c2001.
300 _a194 s. :
_bmapy ;
_c30 cm.
650 9 _aŚrodowisko człowieka
_xhigiena i ochrona
_xkontrola
_xorganizacje
_zPolska
_yod 1989 r.
651 9 _aSzczecin
_xWojewódzki Inspektorat Ochrony Środowiska
700 1 _aĆMIKIEWICZ, Jerzy.
_eOprac.
710 0 _aInspekcja Ochrony Środowiska
710 0 _aWojewódzki Inspektorat Ochrony Środowiska (Szczecin)
020 _a8391485366
040 _cBPK
041 0 _apl
080 _a504.06.008.6:061.23A/Z](438)"1989/..."
920 _a83-914853-6-6
942 _cKS
008 s pl f |000 0 pol
999 _c41721
_d41721
856 _uhttp://koha.tu.koszalin.pl/cgi-bin/koha/opac-detail.pl?biblionumber=41721
_yKatalog online BPK